[Event "Zlin Region-chT 2223"]
[Site "Czech Republic"]
[Date "2023.02.26"]
[Round "9.6"]
[White "Partys, Petr"]
[Black "Konarik, Filip"]
[Result "1-0"]
[WhiteElo "2017"]
[BlackElo "1512"]
[PlyCount "106"]
[EventDate "2022.10.09"]
[EventType "team-tourn"]
[EventRounds "11"]
[EventCountry "CZE"]
[SourceTitle "EXT 2024"]
[Source "ChessBase"]
[SourceDate "2023.10.10"]
[SourceVersion "1"]
[SourceVersionDate "2023.10.10"]
[SourceQuality "1"]
[WhiteTeam "Stare Mesto  III"]
[BlackTeam "Valasske Mezirici"]
[WhiteTeamCountry "CZE"]
[BlackTeamCountry "CZE"]

1. Nf3 Nf6 2. g3 g6 3. b3 Bg7 4. Bb2 0-0 5. Bg2 Nc6 6. c4 d6 7. d4 Nd7 8. Nc3 e5 9. dxe5 Ndxe5 10. 0-0 Nxf3+ 11. Bxf3 Bh3 12. Re1 Qd7 13. Qd2 Rab8 14. Nd5 Ne5 15. Bh1 c6 16. Nc3 f5 17. f4 Ng4 18. e4 Qc7 19. Ne2 Bxb2 20. Qxb2 fxe4 21. Bxe4 Rfe8 22. Qd4 Qb6 23. Qxb6 axb6 24. Nc3 Nf6 25. Bf3 Kf7 26. Kf2 Bg4 27. Rad1 Rxe1 28. Rxe1 Bxf3 29. Kxf3 d5 30. cxd5 Nxd5 31. Nxd5 cxd5 32. Re5 Rd8 33. Ke3 d4+ 34. Kd3 Rc8 35. Rb5 Rc6 36. Kxd4 Ke6 37. Ke4 h5 38. h3 Rd6 39. g4 hxg4 40. hxg4 Rc6 41. a4 Rd6 42. f5+ gxf5+ 43. Rxf5 Rd1 44. Kf4 Rd3 45. Rb5 Rd6 46. Kg5 Kf7 47. Rb4 Kg7 48. Re4 Rd5+ 49. Kf4 Rd3 50. Rb4 Rd6 51. Ke5 Rg6 52. Rd4 b5 53. Rd7+ Kf8 1-0

[Event "Zlin Region-chT 2223"]
[Site "Czech Republic"]
[Date "2023.02.12"]
[Round "8.7"]
[White "Partys, Petr"]
[Black "Hobza, Richard"]
[Result "0-1"]
[WhiteElo "2017"]
[BlackElo "1499"]
[PlyCount "116"]
[EventDate "2022.10.09"]
[EventType "team-tourn"]
[EventRounds "11"]
[EventCountry "CZE"]
[SourceTitle "EXT 2024"]
[Source "ChessBase"]
[SourceDate "2023.10.10"]
[SourceVersion "1"]
[SourceVersionDate "2023.10.10"]
[SourceQuality "1"]
[WhiteTeam "Stare Mesto  III"]
[BlackTeam "Zlin Malenovice"]
[WhiteTeamCountry "CZE"]
[BlackTeamCountry "CZE"]

1. Nf3 d5 2. c4 c6 3. g3 e6 4. b3 Be7 5. Bb2 Bf6 6. d4 b6 7. Bg2 Ne7 8. Nbd2 Bb7 9. e4 dxe4 10. Nxe4 Nd7 11. Nd6+ Kf8 12. Nxb7 Qc7 13. 0-0 Qxb7 14. Ne5 Bxe5 15. dxe5 Qc7 16. Qe2 Rd8 17. Rad1 Ng6 18. f4 Ke7 19. h4 Rhe8 20. h5 Nh8 21. Qg4 Kf8 22. Rd6 Nb8 23. f5 exf5 24. Rxf5 h6 25. Rf1 Qc8 26. Qf4 Rxd6 27. exd6 Qe6 28. Rf2 f6 29. Bf3 Nf7 30. Rd2 Ng5 31. Bg4 Nh3+ 32. Bxh3 Qxh3 33. Qf2 Nd7 34. Rd1 Qxh5 35. Re1 Rxe1+ 36. Qxe1 Qc5+ 37. Kg2 Qxd6 38. Bc3 Ne5 39. Bxe5 Qxe5 40. Qd2 Qe4+ 41. Kg1 g5 42. Kh2 h5 43. Kg1 c5 44. Qd8+ Kf7 45. Qd7+ Kg6 46. Qxa7 Qf3 47. Qb8 Qe3+ 48. Kg2 Kf5 49. Qxb6 Kg4 50. Qd6 Qe4+ 51. Kf1 Qb1+ 52. Kf2 Qxa2+ 53. Ke1 Qxb3 54. Qxf6 Qxg3+ 55. Ke2 Qf4 56. Qe6+ Kg3 57. Qd5 Qf2+ 58. Kd3 Qf3+ 0-1

[Event "Zlin Region-chT 2223"]
[Site "Czech Republic"]
[Date "2023.01.29"]
[Round "7.6"]
[White "Partys, Petr"]
[Black "Dolezal, Karel1111"]
[Result "1/2-1/2"]
[WhiteElo "2017"]
[BlackElo "1887"]
[PlyCount "102"]
[EventDate "2022.10.09"]
[EventType "team-tourn"]
[EventRounds "11"]
[EventCountry "CZE"]
[SourceTitle "EXT 2024"]
[Source "ChessBase"]
[SourceDate "2023.10.10"]
[SourceVersion "1"]
[SourceVersionDate "2023.10.10"]
[SourceQuality "1"]
[WhiteTeam "Stare Mesto  III"]
[BlackTeam "Francova Lhota Sokol"]
[WhiteTeamCountry "CZE"]
[BlackTeamCountry "CZE"]

1. d4 g6 2. e4 d6 3. Nc3 c6 4. Be3 Nf6 5. h3 Bg7 6. f4 Qa5 7. Qf3 b5 8. 0-0-0 b4 9. Nb1 Qxa2 10. Bd3 Ba6 11. Ne2 Bxd3 12. Rxd3 d5 13. e5 Ne4 14. g4 e6 15. f5 Nd7 16. Rf1 0-0-0 17. Ng3 Nxg3 18. Qxg3 c5 19. f6 Bf8 20. dxc5 Bxc5 21. Rfd1 Qa5 22. Nd2 Qb6 23. Nb3 Bxe3+ 24. Rxe3 a5 25. Qe1 Nc5 26. Nxc5 Qxc5 27. Kb1 Kd7 28. Qe2 Rb8 29. h4 h5 30. Rdd3 a4 31. Qd1 hxg4 32. Qxg4 Ke8 33. Rg3 a3 34. Rb3 a2+ 35. Kxa2 Qxc2 36. Rxb4 Rxb4 37. Qxb4 Qc4+ 38. Qxc4 dxc4 39. Rg4 Rh5 40. Re4 Kd7 41. Rd4+ Kc6 42. Ka3 Kb6 43. Kb4 Kc6 44. Kc3 Kc5 45. Rd7 Rxh4 46. Rxf7 Kd5 47. Rg7 Kxe5 48. Rxg6 Rf4 49. f7 Rxf7 50. Kxc4 Kd6 51. b4 Rf1 1/2-1/2

[Event "CZE-chT2E 2122"]
[Site "Czech Republic"]
[Date "2021.12.05"]
[Round "4.7"]
[White "Partys, Petr"]
[Black "Bakos, Eduard"]
[Result "1/2-1/2"]
[WhiteElo "2025"]
[BlackElo "2078"]
[PlyCount "25"]
[EventDate "2021.10.17"]
[EventType "team-tourn"]
[EventRounds "11"]
[EventCountry "CZE"]
[SourceTitle "EXT 2024"]
[Source "ChessBase"]
[SourceDate "2023.10.10"]
[SourceVersion "1"]
[SourceVersionDate "2023.10.10"]
[SourceQuality "1"]
[WhiteTeam "Stare Mesto II"]
[BlackTeam "Brno VSK Univ"]
[WhiteTeamCountry "CZE"]
[BlackTeamCountry "CZE"]

1. d4 Nf6 2. Bf4 d5 3. e3 c5 4. Nf3 Nc6 5. c3 cxd4 6. exd4 Bf5 7. Bd3 Bxd3 8. Qxd3 e6 9. 0-0 Bd6 10. Bxd6 Qxd6 11. Nbd2 0-0 12. Rae1 Qc7 13. Ne5 1/2-1/2

[Event "CZE-chT2E 1415"]
[Site "Czech Republic"]
[Date "2015.01.25"]
[Round "6.7"]
[White "Kubat, Pavel"]
[Black "Partys, Petr"]
[Result "1/2-1/2"]
[WhiteElo "1945"]
[BlackElo "2057"]
[PlyCount "26"]
[EventDate "2014.11.02"]
[EventType "team-tourn"]
[EventRounds "11"]
[EventCountry "CZE"]
[SourceTitle "EXT 2022"]
[Source "ChessBase"]
[SourceDate "2021.10.06"]
[SourceVersion "1"]
[SourceVersionDate "2021.10.06"]
[SourceQuality "1"]
[WhiteTeam "Orechov"]
[BlackTeam "Stare Mesto II"]
[WhiteTeamCountry "CZE"]
[BlackTeamCountry "CZE"]

1. b3 Nf6 2. Bb2 g6 3. e3 Bg7 4. f4 d5 5. Nf3 0-0 6. Be2 c5 7. 0-0 Nc6 8. Ne5 Qc7 9. Nxc6 bxc6 10. Be5 Qa5 11. d3 Rd8 12. Qd2 Qxd2 13. Nxd2 Bf5 1/2-1/2

[Event "Tatry op"]
[Site "Tatranske Zruby"]
[Date "2014.09.30"]
[Round "4"]
[White "Partys, Petr"]
[Black "Certek, Pavel"]
[Result "0-1"]
[WhiteElo "2088"]
[BlackElo "2267"]
[PlyCount "46"]
[EventDate "2014.09.28"]
[EventType "swiss"]
[EventRounds "9"]
[EventCountry "SVK"]
[SourceTitle "CBM 162 Extra"]
[Source "ChessBase"]
[SourceDate "2014.10.17"]
[SourceVersion "1"]
[SourceVersionDate "2014.10.17"]
[SourceQuality "1"]

1. d4 d5 2. c4 e6 3. Nc3 Be7 4. cxd5 exd5 5. Bf4 c6 6. e3 Bf5 7. g4 Bg6 8. Nf3 Nd7 9. Be2 h6 10. Qd2 Ngf6 11. Nh4 Ne4 12. Nxe4 Bxe4 13. Nf3 g5 14. Bg3 h5 15. 0-0 h4 16. Be5 f6 17. Nxg5 fxe5 18. Ne6 Qb6 19. f3 Bg6 20. f4 exd4 21. exd4 Nf8 22. Ng7+ Kf7 23. Qe3 Bf6 0-1

[Event "CZE-chT2E 1314"]
[Site "Czech Republic"]
[Date "2013.11.17"]
[Round "2.7"]
[White "Krejcirik, Radim"]
[Black "Partys, Petr"]
[Result "1/2-1/2"]
[WhiteElo "1933"]
[BlackElo "2027"]
[PlyCount "25"]
[EventDate "2013.11.03"]
[EventType "team-tourn"]
[EventRounds "11"]
[EventCountry "CZE"]
[SourceTitle "EXT 2016"]
[Source "ChessBase"]
[SourceDate "2015.10.08"]
[SourceVersion "1"]
[SourceVersionDate "2015.10.08"]
[SourceQuality "1"]
[WhiteTeam "Napajedla"]
[BlackTeam "Stare Mesto II"]
[WhiteTeamCountry "CZE"]
[BlackTeamCountry "CZE"]

1. d4 Nf6 2. c4 e6 3. Nf3 Bb4+ 4. Bd2 Qe7 5. a3 Bxd2+ 6. Nbxd2 d6 7. e4 e5 8. Bd3 Bg4 9. Qc2 Bxf3 10. Nxf3 Nbd7 11. 0-0 c5 12. d5 0-0 13. g3 1/2-1/2

[Event "SVK-chT2A 1314"]
[Site "Slovakia"]
[Date "2013.10.19"]
[Round "1.4"]
[White "Janos, Jozef"]
[Black "Partys, Petr"]
[Result "0-1"]
[WhiteElo "2123"]
[BlackElo "2007"]
[PlyCount "86"]
[EventDate "2013.10.19"]
[EventType "team-tourn"]
[EventRounds "11"]
[EventCountry "SVK"]
[SourceTitle "EXT 2015"]
[Source "ChessBase"]
[SourceDate "2014.11.20"]
[SourceVersion "1"]
[SourceVersionDate "2014.11.20"]
[SourceQuality "1"]
[WhiteTeam "Bratislava DP"]
[BlackTeam "Dunajska Streda II"]
[WhiteTeamCountry "SVK"]
[BlackTeamCountry "SVK"]

1. d4 Nf6 2. Nf3 e6 3. c4 Bb4+ 4. Bd2 Qe7 5. Nc3 a5 6. e3 b6 7. Be2 Bb7 8. 0-0 0-0 9. Qc2 d6 10. a3 Bxc3 11. Bxc3 Nbd7 12. Nd2 d5 13. Bf3 c5 14. Rfe1 Rfc8 15. b3 Rc7 16. Qb2 Rac8 17. dxc5 Nxc5 18. Be2 dxc4 19. Nxc4 Ncd7 20. Bd4 b5 21. Bxf6 Nxf6 22. Nxa5 Rc2 23. Qe5 R2c5 24. Qd4 Ba8 25. b4 Rg5 26. f3 Rd8 27. Qc3 Nd5 28. Qb3 Qf6 29. Rad1 Re8 30. Rd4 Qg6 31. Bf1 Qh5 32. f4 Rg6 33. Qd1 Qh3 34. Qd3 f5 35. Re2 Rc8 36. g3 Rc1 37. Rc2 Re1 38. Qxb5 h5 39. Rc8+ Kh7 40. Rd8 Rxg3+ 41. hxg3 Qxg3+ 42. Kh1 Qf3+ 43. Kh2 Nxe3 0-1

[Event "Teplice op 8th"]
[Site "Teplice"]
[Date "2013.06.19"]
[Round "5"]
[White "Partys, Petr"]
[Black "Vales, Vaclav"]
[Result "1-0"]
[WhiteElo "1976"]
[BlackElo "2176"]
[PlyCount "26"]
[EventDate "2013.06.15"]
[EventType "swiss"]
[EventRounds "9"]
[EventCountry "CZE"]
[SourceTitle "CBM 155 Extra"]
[Source "ChessBase"]
[SourceDate "2013.08.26"]
[SourceVersion "1"]
[SourceVersionDate "2013.08.26"]
[SourceQuality "1"]

1. e4 c5 2. Nc3 Nc6 3. Bb5 e6 4. Bxc6 bxc6 5. d3 f6 6. f4 d5 7. Nf3 Bd7 8. 0-0 Ne7 9. Qe1 Qb6 10. Kh1 0-0-0 11. b3 Qa6 12. Na4 c4 13. dxc4 dxc4 1-0

[Event "Teplice op 8th"]
[Site "Teplice"]
[Date "2013.06.15"]
[Round "1"]
[White "Partys, Petr"]
[Black "Andreev, Eduard"]
[Result "0-1"]
[WhiteElo "1976"]
[BlackElo "2498"]
[PlyCount "110"]
[EventDate "2013.06.15"]
[EventType "swiss"]
[EventRounds "9"]
[EventCountry "CZE"]
[SourceTitle "CBM 155 Extra"]
[Source "ChessBase"]
[SourceDate "2013.08.26"]
[SourceVersion "1"]
[SourceVersionDate "2013.08.26"]
[SourceQuality "1"]

1. d4 Nf6 2. c4 e6 3. Nc3 Bb4 4. e3 0-0 5. Nge2 Re8 6. a3 Bf8 7. Ng3 d5 8. Bd3 c5 9. 0-0 cxd4 10. exd4 dxc4 11. Bxc4 Nbd7 12. Bg5 Be7 13. Qf3 Nb6 14. Bb3 h6 15. Bf4 Nfd5 16. Nxd5 Nxd5 17. Bxd5 Qxd5 18. Qxd5 exd5 19. Rac1 Bd7 20. Rfe1 Bf8 21. Rxe8 Rxe8 22. f3 g6 23. Kf2 Bg7 24. Be3 f5 25. Ne2 g5 26. g3 Bb5 27. Nc3 Bc4 28. f4 Bf6 29. Kf3 b5 30. Rb1 a5 31. b3 Bd3 32. Rd1 Bc2 33. Rd2 Bxb3 34. Nxb5 g4+ 35. Kf2 Be7 36. a4 Bb4 37. Rb2 Bc4 38. Rb1 Re7 39. Rc1 Rb7 40. Nc3 Bxc3 41. Rxc3 Rb2+ 42. Ke1 Rxh2 43. Bf2 Rh1+ 44. Kd2 Ra1 45. Be1 Rxa4 46. Re3 Ra2+ 47. Kc1 a4 48. Bc3 a3 49. Re8+ Kf7 50. Ra8 Bb3 51. Ra7+ Ke8 52. Bb4 Rc2+ 53. Kb1 a2+ 54. Ka1 Rc1+ 55. Kb2 Rb1+ 0-1

[Event "Tatry op"]
[Site "Tatranske Zruby"]
[Date "2011.10.02"]
[Round "9"]
[White "Partys, Petr"]
[Black "Diviak, Rudolf"]
[Result "1/2-1/2"]
[WhiteElo "2027"]
[BlackElo "1865"]
[PlyCount "38"]
[EventDate "2011.09.25"]
[EventType "swiss"]
[EventRounds "9"]
[EventCountry "SVK"]
[SourceTitle "CBM 144 Extra"]
[Source "ChessBase"]
[SourceDate "2011.10.28"]
[SourceVersion "1"]
[SourceVersionDate "2011.10.28"]
[SourceQuality "1"]

1. d4 d6 2. e4 c5 3. Nf3 Bg4 4. dxc5 Qa5+ 5. Nc3 Qxc5 6. h3 Bd7 7. Be3 Qa5 8. Bc4 Nc6 9. 0-0 Nf6 10. Bg5 Ne5 11. Nxe5 Qxe5 12. Bxf6 gxf6 13. Qe2 Qc5 14. Rad1 Be6 15. Bb5+ Kd8 16. Kh1 a6 17. Bd3 h5 18. f4 Bg4 19. Qe1 Bxd1 1/2-1/2

[Event "Tatry op"]
[Site "Tatranske Zruby"]
[Date "2011.10.01"]
[Round "8"]
[White "Boguszlavszkij, Jevgenyij"]
[Black "Partys, Petr"]
[Result "1-0"]
[WhiteElo "2240"]
[BlackElo "2027"]
[PlyCount "79"]
[EventDate "2011.09.25"]
[EventType "swiss"]
[EventRounds "9"]
[EventCountry "SVK"]
[SourceTitle "CBM 144 Extra"]
[Source "ChessBase"]
[SourceDate "2011.10.28"]
[SourceVersion "1"]
[SourceVersionDate "2011.10.28"]
[SourceQuality "1"]

1. g3 Nf6 2. Bg2 d5 3. d4 c6 4. Nh3 Bf5 5. f3 e6 6. Nf2 h6 7. e4 Bh7 8. e5 Nfd7 9. 0-0 Be7 10. f4 c5 11. c4 Nb6 12. cxd5 Nxd5 13. Nc3 0-0 14. Nxd5 exd5 15. dxc5 Bxc5 16. Qxd5 Qxd5 17. Bxd5 Nc6 18. Kg2 Rfd8 19. Be4 Bxf2 20. Bxh7+ Kxh7 21. Rxf2 Rd3 22. Bd2 Rad8 23. Bc3 b5 24. a3 a5 25. Rc1 R8d5 26. Be1 Nd4 27. Rc7 Kg6 28. Bxa5 Nf5 29. Bb6 h5 30. Rc6+ Kh7 31. Rc3 Rxc3 32. bxc3 Rd3 33. Rc2 h4 34. g4 h3+ 35. Kf2 Nh6 36. Ke2 Rd7 37. Kf3 Rd3+ 38. Ke4 Rd1 39. g5 Ng4 40. Kf5 1-0

[Event "Tatry op"]
[Site "Tatranske Zruby"]
[Date "2011.09.28"]
[Round "5"]
[White "Partys, Petr"]
[Black "Sejkora, Vlastimil"]
[Result "1/2-1/2"]
[WhiteElo "2027"]
[BlackElo "2221"]
[PlyCount "75"]
[EventDate "2011.09.25"]
[EventType "swiss"]
[EventRounds "9"]
[EventCountry "SVK"]
[SourceTitle "CBM 144 Extra"]
[Source "ChessBase"]
[SourceDate "2011.10.28"]
[SourceVersion "1"]
[SourceVersionDate "2011.10.28"]
[SourceQuality "1"]

1. e4 c5 2. Nf3 Nf6 3. e5 Nd5 4. c3 Nc6 5. d4 cxd4 6. cxd4 e6 7. Nc3 Nxc3 8. bxc3 d6 9. exd6 Bxd6 10. Bd3 Bd7 11. 0-0 h6 12. Re1 0-0 13. Qe2 Qc7 14. Ne5 Rae8 15. Bf4 Bxe5 16. dxe5 Ne7 17. Qg4 Nf5 18. Bxf5 exf5 19. Qg3 Re6 20. Red1 g5 21. Rd6 Rfe8 22. Rxe6 Rxe6 23. h4 f6 24. hxg5 fxg5 25. Rd1 Kf7 26. Qd3 gxf4 27. Qxd7+ Qxd7 28. Rxd7+ Re7 29. Rd6 Re6 30. Rd7+ Re7 31. Rd6 Rxe5 32. Rxh6 Re1+ 33. Kh2 Ra1 34. Rh7+ Ke6 35. Rxb7 Rxa2 36. f3 a5 37. Rb6+ Ke5 38. Rb5+ 1/2-1/2

[Event "Tatry op"]
[Site "Tatranske Zruby"]
[Date "2011.09.25"]
[Round "1"]
[White "Partys, Petr"]
[Black "Mosny, Jaroslav"]
[Result "1/2-1/2"]
[WhiteElo "2027"]
[BlackElo "1941"]
[PlyCount "71"]
[EventDate "2011.09.25"]
[EventType "swiss"]
[EventRounds "9"]
[EventCountry "SVK"]
[SourceTitle "CBM 144 Extra"]
[Source "ChessBase"]
[SourceDate "2011.10.28"]
[SourceVersion "1"]
[SourceVersionDate "2011.10.28"]
[SourceQuality "1"]

1. e4 e5 2. Nf3 d6 3. d4 exd4 4. Qxd4 Nc6 5. Bb5 Nge7 6. Nc3 Bd7 7. Qd3 Ng6 8. Be3 Be7 9. 0-0-0 0-0 10. Qd2 a6 11. Bc4 Nce5 12. Be2 Nxf3 13. Bxf3 Bc6 14. Nd5 Bf6 15. Be2 Re8 16. f3 Bxd5 17. Qxd5 Qe7 18. Rhe1 Qe5 19. Qxe5 dxe5 20. Rd7 Rac8 21. Bc4 Be7 22. Red1 Nf8 23. R7d2 Red8 24. c3 Rxd2 25. Rxd2 Rd8 26. g3 Rxd2 27. Kxd2 Nd7 28. b4 Kf8 29. a3 Bd6 30. Bb3 Ke7 31. Kd3 a5 32. bxa5 Bxa3 33. Bd5 c6 34. Ba2 f6 35. Kc4 Kd6 36. Bb3 1/2-1/2

[Event "EU-ch 11th"]
[Site "Rijeka"]
[Date "2010.03.09"]
[Round "4"]
[White "Katzir, Moshe"]
[Black "Partys, Petr"]
[Result "1-0"]
[WhiteElo "2288"]
[BlackElo "1977"]
[PlyCount "98"]
[EventDate "2010.03.06"]
[EventType "swiss"]
[EventRounds "11"]
[EventCountry "CRO"]
[SourceTitle "CBM 136"]
[Source "ChessBase"]
[SourceDate "2010.05.18"]
[SourceVersion "1"]
[SourceVersionDate "2010.05.18"]
[SourceQuality "1"]

1. e4 c5 2. Nf3 e6 3. d4 cxd4 4. Nxd4 a6 5. Bd3 Bc5 6. Nb3 Ba7 7. 0-0 Nc6 8. Qe2 d6 9. Be3 Nf6 10. Bxa7 Rxa7 11. f4 e5 12. f5 0-0 13. c4 b6 14. Nc3 Rd7 15. Rad1 Bb7 16. Nd5 Nb8 17. Nxf6+ Qxf6 18. Qe3 Qd8 19. f6 gxf6 20. Qh3 f5 21. Rxf5 f6 22. Rdf1 Rdf7 23. Nd2 Nc6 24. R5f3 Nd4 25. Rg3+ Kh8 26. Nf3 Nxf3+ 27. Rgxf3 Qc7 28. Qh4 b5 29. cxb5 axb5 30. Bxb5 d5 31. Bd3 dxe4 32. Bxe4 Bxe4 33. Qxe4 Qa7+ 34. R3f2 Qxa2 35. b4 Qe6 36. Rf5 Rb8 37. Kh1 Rd8 38. h3 Rb8 39. Qh4 Rb6 40. Qe4 Rb8 41. R1f3 Qd6 42. Qc4 Rc7 43. Qf1 Qd2 44. Qa6 Qc1+ 45. Rf1 Qc6 46. Qe2 Rf7 47. Rxe5 fxe5 48. Rxf7 Kg8 49. Qxe5 Kxf7 1-0

[Event "EU-ch 11th"]
[Site "Rijeka"]
[Date "2010.03.06"]
[Round "1"]
[White "Partys, Petr"]
[Black "Szabo, Krisztian"]
[Result "1-0"]
[WhiteElo "1977"]
[BlackElo "2513"]
[PlyCount "95"]
[EventDate "2010.03.06"]
[EventType "swiss"]
[EventRounds "11"]
[EventCountry "CRO"]
[SourceTitle "CBM 136"]
[Source "ChessBase"]
[SourceDate "2010.05.18"]
[SourceVersion "1"]
[SourceVersionDate "2010.05.18"]
[SourceQuality "1"]

1. Nf3 Nf6 2. c4 e6 3. d4 b6 4. a3 Ba6 5. Qa4 Bb7 6. Nc3 c5 7. dxc5 bxc5 8. Bg5 Be7 9. e3 0-0 10. Be2 Qb6 11. 0-0 d6 12. Qc2 Nbd7 13. Rfd1 Rfd8 14. Rd2 Qc6 15. Rad1 Ne5 16. Ne1 Qb6 17. h3 Rd7 18. Bf4 Ng6 19. Bg3 Rad8 20. Bf3 d5 21. cxd5 exd5 22. Nd3 Ne4 23. Bxe4 dxe4 24. Ne5 Nxe5 25. Bxe5 Qc6 26. Rxd7 Rxd7 27. Rxd7 Qxd7 28. Qb3 h6 29. Qc4 Bc6 30. Kh2 h5 31. b4 Qf5 32. Bb8 Qc8 33. Be5 Qf5 34. Bb8 Qc8 35. Be5 Bb7 36. b5 Qf5 37. Bb8 Qxf2 38. Nd5 Bxd5 39. Qxd5 Qxe3 40. Qa8 Kh7 41. Qxa7 Qg5 42. Qb7 e3 43. Qf3 Bf6 44. Bf4 Be5 45. Qe4+ g6 46. Qxe5 Qd8 47. Qxe3 c4 48. b6 1-0